000 00853nam a2200265Ia 4500
003 OSt
005 20220926020421.0
006 a|||||r|||| 00| 0
007 ta
008 220923b |||||||| |||| 00| 0 eng d
020 _a9781138123830
_c3009.02
037 _b1634, 09/02/2018, Dhanraj Book House
_cGeneral Book
040 _aRTL
_cRTL
_beng
041 _2eng
_aeng
082 _aX:51:(Y), Q8
100 _aHASTINGS Gerard
_9233606
245 0 _aSocial marketing
_b Rebels with a cause
250 _a3rd
260 _aNew York
_bRoutledge
_c2018
300 _axxxii,602p
_ccm.
500 _aBibliography: p241-242; Appendix: p193-239
700 _a DOMEGAN Christine
_9324369
942 _hX:51:(Y), Q8
_cGB
_2CC
999 _c634195
_d634195